Länder in der Nähe von Senegal - Ein-Minuten-Sprint - Statistiken

Allgemein
  • Dieses Quiz wurde 84 mal gespielt
  • Das Durchschnittsergebnis liegt bei 15 aus 20
Antwortstatistiken
km Land % Korrekt
0 Gambia
94%
0 Mali
93%
0 Mauretanien
93%
0 Guinea
91%
1233 Marokko
91%
0 Guinea-Bissau
88%
938 Ghana
86%
1231 Togo
86%
442 Côte d'Ivoire
81%
1317 Algerien
80%
1340 Benin
80%
1257 Niger
78%
262 Sierra Leone
78%
452 Liberia
77%
1591 Nigeria
74%
658 Burkina Faso
71%
571 Cabo Verde
59%
1231 Spanien
30%
1787 Portugal
22%
479 Westsahara
20%
Keine übereinstimmenden Quizze gefunden
Verteilung der Resultate
Anzahl Personen mit jedem Resultat
Perzentil nach korrekt beantworteten Fragen
Ihre Resultats-Entwicklung
Sie haben dieses Quiz noch nicht gespielt